Staviame si zdravý rodinný domček

Bibliographic Details
Main Authors: Macúch, Pavol, 1917-1988 (Author), Drobil, M. (Author), Grunt, Juraj, 1924- (Author)
Format: Book
Language:Slovak
PhysicalDescription:51, [4] s. 8°
Published: Bratislava Slovenský ústav zdravotníckej osvety 1960
Series:Zdravotnícke aktuality
Subjects:

MARC

LEADER 00000nam a2200000 a 4500
001 vtls008360826
003 SK-MaSNL
005 20260301181014.0
008 230403s1960 xo slo
015 |a SNBA1960/12-01903 
035 |a SK01SNK19600053043 
035 |a urn:nbn:sk:snk-amlmfd 
035 |a urn:nbn:sk:snk-am00bxgu 
035 |a DF145749-50C4-4709-92DD-494710223D4C 
035 |a SKM000055506 
040 |a SNK  |b slo  |c SNK  |e AACR2 
041 0 |a slo 
044 |a xo 
080 |a 728.1+728.37(083.1)  |2 1981 
100 1 |a Macúch, Pavol,  |d 1917-1988  |4 aut  |9 80109 
245 1 0 |a Staviame si zdravý rodinný domček  |c [autori:] P. Macúch, M. Drobil, J. Grunt 
260 |a Bratislava  |b Slovenský ústav zdravotníckej osvety  |c 1960  |e Košice  |f Východoslovenské tlačiarne 
300 |a 51, [4] s.  |c 8° 
490 1 |a Zdravotnícke aktuality  |v zv. 48 
500 |a Ilustr. Pozn. Pl. Zoznam tit., ktoré vyšli v edícii. 
563 |a 300 výtl. 
650 0 7 |a domy rodinné  |x stavba  |x príručky  |2 SNK  |9 552997 
655 7 |a príručky  |2 SNKPH  |9 74364 
700 1 |a Drobil, M.  |4 aut  |9 342599 
700 1 |a Grunt, Juraj,  |d 1924-  |4 aut  |9 233475 
830 0 |a Zdravotnícke aktuality  |9 288667 
852 |a Slovenská národná knižnica 
954 |a odborná, vedecká literatúra pôvodná (slovenská)  |2 lita 
958 |a OND 
958 |a TL 
958 |a RK 
958 |a NB 
958 |a EUIPO 
999 |c 848390  |d 850320 
952 |a SNK  |b SNK  |y PREZ  |7 0  |p 17A0677696  |o snkSD 19407  |i snkKSP 4304/60  |0 0  |1 0  |4 0  |d 2010-12-07  |f 1  |l 0  |r 2025-12-03 00:00:00  |w 2026-02-24